Türkiye tarımında özelleştirme şeker pancarı fabrikaları ve nişasta bazlı şeker (NBŞ) (Record no. 14116)

MARC details
000 -BAŞLIK
Sabit Uzunlukta Kontrol Alanı 00863nam a22002537a 4500
999 ## - SİSTEM KONTROL NUMARALARI (KOHA)
Koha Biblionumber 14116
Koha Biblioitemnumber 14116
003 - KONTROL NUMARASI IDENTIFIER
Denetim Alanı MIRAKIL
005 - SON İŞLEM TARİHİ VE ZAMANI
Denetim Alanı 20201015121731.0
008 - SABİT-BOY VERİ ELEMANLARI - GENEL BİLGİLER
Sabit Uzunlukta Kontrol Alanı 201015b tu ||||| |||| 00| 0 tur d
040 ## - KATALOGLAMA KAYNAK
Orijinal Kataloglama Ajansı TR-AnCHP
Kataloglama Dili tur
Metne Dönüştürmek Ajansı TR-AnCHP
041 ## - DİL KODU
Metin / Ses Parça Veya Ayrı Başlığın Dil Kodu tur
082 ## - DEWEY ONLU SINIFLANDIRMA NUMARASI
Sınıflandırma Numarası CHP 338.476641
Ürün Numarası C36t 2018
090 ## - SINIFLAMA NUMARASI
Sınıflama Numarası BROŞÜR 567
110 ## - ANA GİRİŞ - KURUMSAL ADI
Giriş Elemanı Olarak Kurumsal Ad Veya Yargı Alanı Adı Cumhuriyet Halk Partisi (CHP)
245 ## - BAŞLIK TABLOSU
Başlık Türkiye tarımında özelleştirme şeker pancarı fabrikaları ve nişasta bazlı şeker (NBŞ)
Sorumluluk Tablosu, Vb Orhan Sarıbal.
260 ## - YAYIN, DAĞITIM, VB
Yayın, Dağıtım, Vb Yeri Bursa:
Yayıncı, Dağıtıcı, Vs Adı [CHP],
Yayın, Dağıtım, Vb Tarihi 2018
300 ## - FİZİKSEL TANIM
Kapsam 47 s.:
Diğer Fiziksel Ayrıntıları tbl.,
Boyutlar 24 sm.
440 ## - SERİSİ TABLOSU / KATMA GİRİŞİ - BAŞLIK
Başlık Cumhuriyet Halk Partisi yayınları
Bir İşin Parçası / Bölümün İsmi Raporlar
610 ## - KONU KATMA GİRİŞ - TOPLANTI ADI
Giriş Elemanı Olarak Kurumsal Ad Veya Yargı Alanı Adı CHP
Genel Alt Bölüm Şeker pancarı
Kronolojik Alt Bölüm Raporlar
610 ## - KONU KATMA GİRİŞ - TOPLANTI ADI
Giriş Elemanı Olarak Kurumsal Ad Veya Yargı Alanı Adı CHP
Genel Alt Bölüm Şeker pancarı politikası
650 ## - KONU KATMA GİRİŞ - TOPİKAL DÖNEM
Topikal Süreli Veya Coğrafi Ad Giriş Elemanı Tarım sorunları
Genel Alt Bölümü Şeker pancarı üretimi
Kronolojik Alt Bölümü Raporlar
Coğrafi Alt Bölümü Türkiye
830 ## - SERİSİ EKLENDİ GİRİŞ - ÜNİFORM ADI
Üniforma Başlık CHP raporları
942 ## - EKLENDİ GİRİŞ ELEMANLARI (KOHA)
Sınıflandırma Veya Raf Düzeni Kaynak Dewey Decimal Classification
Koha Öğesi Türü Books
Holdings
Kullanım Kısıtlamaları Kalıcı Konum Mevcut Konum Edinme Tarihi Toplam Check-Out'Lar Tam Çağrı Numarası Barkod Tarih Son Görülme İtibaren Geçerli Fiyatlar Koha Öğesi Türü
Kütüphane dışına çıkarılamaz CHP Kütüphanesi CHP Kütüphanesi 10/15/2020   BROŞÜR 567 019632 10/15/2020 10/15/2020 Visual Material